| 000 | 00644nam a2200193Ia 4500 | ||
|---|---|---|---|
| 005 | 20250508160154.0 | ||
| 008 | 008 250505s9999 xx 000 0 eng d | ||
| 037 | _aBooks to be hide in OPAC | ||
| 040 |
_aFEDL _beng _cFEDL |
||
| 041 |
_aeng _2eng |
||
| 084 |
_a379.73, IND/O _qFEDL |
||
| 100 |
_aOrvis Mary Burchard _9768044 |
||
| 245 | 0 | _aApplication of commercial advertising methods to university extension | |
| 245 | 0 | _cBureau of education. Department of the interior | |
| 260 |
_aWashington, USA _bU.S. Government Printing Office _c1919 |
||
| 300 | _a38p. | ||
| 942 |
_cHB _h379.73, IND/O |
||
| 999 |
_c1362405 _d1362405 |
||